00742cam a22002411 4500001001300000003000400013005001700017008004100034010001700075035002000092040002800112042001200140050001800152100002400170245004600194260003600240300003300276410006100309502002500370500001000395500007800405999001700483g 01002290 DLC20260227111257.0940420s1898 gw 000 0 ger  ag 01002290  a(OCoLC)30305995 aDLCcCUdCUdOCoLCdDLC apremarc00aPQ1483.G5bH31 aHanf, Georg,d1875-00aÜber Guillaume de Machauts Voir dit ... aHalle a. S.,bE. Karras,c1898. a3 p. l., 32 p., 1 l.c24 cm.20aUniversität Heidelberg.tDissertationen.vv. 45, no. 5 aInaug.-diss.--Halle. aVita. a"Die arbeit erscheint vollständig in der Zeitschr. f. rom. phil. XXII." c23941d23941